| 000 | 01721nam a2200457 i 4500 | ||
|---|---|---|---|
| 001 | DIGFCEDIT072 | ||
| 003 | NyNyDIG | ||
| 008 | 221116s2012 sp a ob 000 0 spa d | ||
| 006 | m o d | ||
| 007 | cr ||||||||||| | ||
| 035 | _a(OCoLC)1352725374 | ||
| 040 |
_aDGITA _beng _erda _epn _cDGITA |
||
| 020 |
_a9788415683490 _qeBook |
||
| 020 | _z9788496743250 | ||
| 043 | _ae-sp--- | ||
| 050 | 1 | 4 | _aHF5389.3.S7 ebook |
| 082 | 0 | 4 | _a395.52 |
| 100 | 1 |
_aCuadrado Esclapez, Carmen, _d1964- _eauthor. |
|
| 245 | 1 | 0 |
_aProtocolo y comunicación en la empresa y los negocios / _cCarmen Cuadrado Esclapez. |
| 264 | 1 |
_aMadrid : _bFC Editorial, _c[2012] |
|
| 300 |
_a1 online resource : _billustrations. |
||
| 336 |
_atext _btxt _2rdacontent |
||
| 337 |
_acomputer _bc _2rdamedia |
||
| 338 |
_aonline resource _bcr _2rdacarrier |
||
| 347 |
_atext file _2rdaft |
||
| 347 | _bPDF | ||
| 504 | _aIncludes bibliographical references. | ||
| 588 | 0 | _aOnline resource; title from PDF title page (Digitalia, viewed November 16, 2022) | |
| 650 | 0 |
_aBusiness etiquette _zSpain. |
|
| 650 | 0 |
_aBusiness communication _zSpain. |
|
| 650 | 0 |
_aCommunication in organizations _zSpain. |
|
| 650 | 0 |
_aOrganizational behavior _zSpain. |
|
| 650 | 0 |
_aCorporate image _zSpain. |
|
| 655 | 0 | _aElectronic books. | |
| 776 | 0 | 8 |
_iPrint version: _aCuadrado Esclapez, Carmen, 1964- _tProtocolo y comunicación en la empresa y los negocios. _b5a edición. _dMadrid : FC Editorial, 2007 _z9788496743250 |
| 791 | 2 |
_aDigitalia (Firm), _edistributor. |
|
| 793 | 0 |
_gDigitalia eBook Collection: _aFC Editorial |
|
| 856 | 4 | 0 |
_3Digitalia Hispánica _uhttps://www.digitaliapublishing.com/a/37759/ |
| 910 | _aPremium collection: 2022 | ||
| 942 | _cRAA | ||
| 999 |
_c243813 _d243813 |
||